Hikayat Hang Tuah STPM : Analisis isi dan fungsi

Bibliographic Details
Main Author: Abd.Rahman Kaeh
Other Authors: Zahir Ahmad
Format: Book
Published: Kuala Lumpur : Berita Publishing , 1993
Subjects:

MARC

LEADER 00000cam a2200000 7i4500
001 0000001362
002 000001500
005 20000330.0
020 |a 9679693058 
090 0 0 |a 899.28   |b ABD 
100 0 |a Abd.Rahman Kaeh 
245 1 0 |a Hikayat Hang Tuah STPM :   |b Analisis isi dan fungsi   |c Abd.Rahman Kaeh dan Zahir Ahmad 
260 |a Kuala Lumpur :   |b Berita Publishing ,   |c 1993 
300 |a 146p. ;   |c 23cm. 
650 0 0 |a Sastera STPM 
700 0 |a Zahir Ahmad   |f M.A 
740 0 |a Hikayat Hang Tuah STPM 
999 |a 029422   |b BUKU   |c PINJAMAN   |e PERPUSTAKAAN KOMUNITI PETALING JAYA 
999 |a 029423   |b BUKU   |c PINJAMAN   |e PERPUSTAKAAN KOMUNITI PETALING JAYA 
999 |a 029424   |b BUKU   |c PINJAMAN   |e PERPUSTAKAAN KOMUNITI PETALING JAYA